000 00732nam a22002057a 4500
999 _c190278
_d190278
005 20220721130936.0
010 _aENG-133778
020 _c325.00
035 _aEN-117310
037 _bDBAD/PUB
082 _a346.02
100 _aS.Sambandham
245 _aA hand book of specific relief act with indian contract act
_bselected essays/
_cS. Sambandham & V.S. Rajaram
260 _bGiri Law House
_aSalem
_c636007
270 _a55-A/314,Cherry ROAD ,1/2-A SOUTH MASI Street (DM Court Bus Stop) Madurai1-
_a55-A/314,Cherry ROAD ,1/2-A SOUTH MASI Street (DM Court Bus Stop) Madu
_bSalem
_e636007
300 _a312p.
_c22cm(hbk)
700 _aV.S. Rajaram
760 _b2012
942 _2ddc
_cEN
_h346.02
_mSAM